000
00244nam a22000977a 4500
999
_c
11839
_d
11839
008
200227b ||||| |||| 00| 0 eng d
020
_a
9781402776632
100
_a
Aggarwal,B.
_9
7510
245
_a
Healing Spices
260
_a
New York
_b
Sterling
_c
2019